000 01479nam a22002777a 4500
005 20210325194517.0
008 s2543 th thaeng
020 _a9741311842
041 _athaeng
090 _aว KR104
_bป551ก 2543
100 0 _aปารเมศ บุญญานันต์
245 1 0 _aกฎหมายคุ้มครองข้อมูลในฐานข้อมูลอิเล็กทรอนิกส์
260 3 _aกรุงเทพฯ :
_bจุฬาลงกรณ์มหาวิทยาลัย,
_c2543
300 _a178 หน้า :
_bตาราง ;
_c30 ซม.
650 0 4 _aร่างสนธิสัญญาฐานข้อมูล
650 0 4 _aสนธิสัญญาลิขสิทธิ์
650 0 4 _aข้อตกลงทริปส์
650 0 4 _aอนุสัญญากรุงบอร์น
650 0 4 _aข้อมูลอิเล็กทรอนิกส์ -- การคุ้มครอง
650 0 4 _aฐานข้อมูลอิเล็กทรอนิกส์
650 0 4 _aการคุ้มครองข้อมูล -- กฎหมายและระเบียบข้อบังคับ -- วิจัย
650 0 4 _aลิขสิทธิ์ -- กฎหมายและระเบียบข้อบังคับ
850 _aNALT
942 _cRSH
_03
997 _c000000000044353
_kVC
999 _c44353
_d44353